000 00679nam a2200289Ia 4500
005 20260324144825.0
008 008 260324s9999 xx 000 0 eng d
020 _a9780429036125
037 _aEBOOK
040 _aCRL
040 _beng
040 _cCRL
041 _2eng
041 _aeng
084 _qCRL
100 _aRobert W. Komer
_91220747
245 0 _aBureaucracy At War
245 0 _bU.S. Performance In The Vietnam Conflict
260 _bTaylor and Francis
260 _c1986
365 _a
365 _b220
856 _uhttp://www.taylorfrancis.com/books/9780429036125
942 _cEBOOK
999 _c1827843
_d1827843